| 000 | 01170nam a22002177a 4500 | ||
|---|---|---|---|
| 999 |
_c60477 _d60477 |
||
| 003 | Ge_BSU | ||
| 005 | 20230728155653.0 | ||
| 008 | 230728s2015ge xxu||||| |||| 00| 0 geo d | ||
| 020 | _a9789941182242 | ||
| 041 | _ageo | ||
| 080 | _a811.353.1'221.2(038) მ-44 | ||
| 100 |
_aმახარობლიძე, თ. (თამარ), ავტორი. _919563 |
||
| 245 |
_aქართული ჟესტური ენის საარჩევნო ლექსიკონი / _cთამარ მახარობლიძე ; მხატვ. ნ. ზაპრუდნაია |
||
| 264 |
_aთბილისი : _bილიას სახელმწ. უნ-ტის გამ-ბა, _c 2015. |
||
| 300 |
_a292 გვ. : _bნახ. ; _c 20 სმ. |
||
| 500 | _aდაფინანსებულია აშშ-ის საელჩოს მიერ. | ||
| 653 | _aქართული ჟესტური ენა სმენადაქვეითებულთათვის. | ||
| 700 |
_aზაპრუდნაია, ნ _eმხატვარი _919564 |
||
| 773 | _tნაჩუქარი | ||
| 942 |
_2udc _cBK |
||